Participation? No thanks (Record no. 52238)

MARC details
000 -LEADER
fixed length control field 01054cab a2200277 4500
001 - CONTROL NUMBER
control field ABS58071
008 - FIXED-LENGTH DATA ELEMENTS--GENERAL INFORMATION
fixed length control field 090401t1997 xxu||||| |||| 00| 0 eng d
035 ## - SYSTEM CONTROL NUMBER
System control number (Sirsi) u82711
041 ## - LANGUAGE CODE
Language code of text/sound track or separate title eng
100 ## - MAIN ENTRY--PERSONAL NAME
Personal name Hale, Janet
245 ## - TITLE STATEMENT
Title Participation? No thanks
260 ## - PUBLICATION, DISTRIBUTION, ETC.
Date of publication, distribution, etc. 1997
350 ## - PRICE (NR) (BK AM CF MU VM SE) [OBSOLETE]
Price 0
490 ## - SERIES STATEMENT
Series statement Housing Today
Volume/sequential designation (63) 11 December 1997, 15(1)
520 ## - SUMMARY, ETC.
Summary, etc. Reports on the findings of a DoE commissioned survey of tenant groups, councils and training agencies on the Right to Manage. Finds that most respondents want to see the prohibition on tenant management organisations using staff seconded from the council lifted. Reviews the unusual example of Kirklees MC which actively encourages tenant participation.
650 ## - SUBJECT ADDED ENTRY--TOPICAL TERM
Topical term or geographic name entry element HOUSING MANAGEMENT
650 ## - SUBJECT ADDED ENTRY--TOPICAL TERM
Topical term or geographic name entry element KIRKLEES MC
650 ## - SUBJECT ADDED ENTRY--TOPICAL TERM
Topical term or geographic name entry element RIGHT TO MANAGE
650 ## - SUBJECT ADDED ENTRY--TOPICAL TERM
Topical term or geographic name entry element TENANT MANAGEMENT ORGANISATIONS
650 ## - SUBJECT ADDED ENTRY--TOPICAL TERM
Topical term or geographic name entry element TENANT PARTICIPATION
690 ## - LOCAL SUBJECT ADDED ENTRY--TOPICAL TERM (OCLC, RLIN)
Topical term or geographic name as entry element LANDLORD AND TENANT-LEASEHOLD REFORM
700 ## - ADDED ENTRY--PERSONAL NAME
Personal name Steele, A.
700 ## - ADDED ENTRY--PERSONAL NAME
Personal name Somerville, P.
942 ## - ADDED ENTRY ELEMENTS (KOHA)
Suppress in OPAC 0
948 ## - LOCAL PROCESSING INFORMATION (OCLC); SERIES PART DESIGNATOR (RLIN)
c (OCLC) 16/12/1997
Holdings
Withdrawn status Lost status Source of classification or shelving scheme Damaged status Not for loan Home library Current library Shelving location Date acquired Total Checkouts Full call number Barcode Date last seen Copy number Price effective from Koha item type
    Dewey Decimal Classification     London London Journal article 14/09/1999   ABS58071 82711-1001 06/08/2019 1 06/08/2019 Journal article